Six creepy sheep /

Relates in rhyme the adventures of six little sheep who go trick-or-treating on Halloween night.

Bibliographic Details
Main Author: Enderle, Judith Ross
Other Authors: Gordon, Stephanie Jacob, 1940-, O'Brien, John, 1953- (Illustrator)
Format: Book
Language:English
Published: Honesdale, Pa. : Caroline House ; 1992.
Edition:1st ed.
Subjects:

MARC

Tag First Indicator Second Indicator Subfields
LEADER 00000cam a2200000 a 4500
001 in00001435310
005 20160115090325.0
008 911204s1992 paua j 000 1 eng
010 |a  91077609  
020 |a 1563970929 :  |c $12.95 
035 |a (OCoLC)26284505 
035 |9 AHS1163AM 
040 |a DLC  |c DLC  |d CPP  |d OHI  |d UtOrBLW 
049 |a TXAG 
050 0 0 |a PZ7.E6966  |b Si 1992 
082 0 0 |a [E]  |2 20 
100 1 |a Enderle, Judith Ross. 
245 1 0 |a Six creepy sheep /  |c by Judith Ross Enderle and Stephanie Gordon Tessler ; illustrated by John O'Brien. 
250 |a 1st ed. 
264 1 |a Honesdale, Pa. :  |b Caroline House ;  |c 1992. 
264 2 |a [New York] :  |b Distributed by St. Martin's Press, 
300 |a 1 volume (unpaged) :  |b color illustrations ;  |c 21 cm. 
336 |a text  |b txt  |2 rdacontent 
337 |a unmediated  |b n  |2 rdamedia 
338 |a volume  |b nc  |2 rdacarrier 
520 |a Relates in rhyme the adventures of six little sheep who go trick-or-treating on Halloween night. 
650 1 |a Halloween  |x Fiction. 
650 1 |a Sheep  |x Fiction. 
650 1 |a Stories in rhyme. 
650 0 |a Counting  |v Juvenile fiction. 
650 0 |a Sheep  |v Juvenile fiction. 
650 0 |a Halloween  |v Juvenile fiction. 
700 1 |a Gordon, Stephanie Jacob,  |d 1940- 
700 1 |a O'Brien, John,  |d 1953-  |e illustrator. 
740 0 |a 6 creepy sheep. 
999 |a MARS 
999 f f |s 66b48419-41f7-3cfa-b9d9-866a4eaeda32  |i 3dbdb7b6-7a9d-3b14-b8be-23e1da0d7bf1  |t 0 
952 f f |p normal  |a Texas A&M University  |b College Station  |c Sterling C. Evans Library  |d Evans: Curriculum Collection (4th floor)  |t 0  |e PZ7.E6966 Si 1992  |h Library of Congress classification  |i unmediated -- volume  |m A14822227633 
998 f f |a PZ7.E6966 Si 1992  |t 0  |l Evans: Curriculum Collection (4th floor)